000 01158nam a2200277Ia 4500
003 OSt
005 20221005111922.0
006 a|||||r|||| 00| 0
007 ta
008 221004b |||||||| |||| 00| 0 san d
020 _a9788170804499 (hbk)
_c450
024 _a25442
037 _b372, 08/03/2016, Eastern Book Linkers
_cTextual
040 _aCRL
_cCRL
_bsan
041 _2san
_asan
082 _aDelta2:864, 152Q5
100 _aशर्मा, सत्यदेव, संपा.
245 0 _aज्योतिष सिद्धान्त पंचक्रम
246 _aJyotiṣh siddhānta panchakrama
260 _aवाराणसी
_bचौखम्बा संस्कृत सीरीज आफिस भारत
_c2015
300 _a409पृ0
_ccm.
490 _aचौखम्बा संस्कृत सीरीज; 158
650 _aआध्यात्मिक अनुभव और रहस्यवाद
942 _hDelta2:864, 152Q5
_cTEXL
_2cc
999 _c1023297
_d1023297